000 01084nam0a2200277 4500
001 RU\NLR\b_ik\200318
005 20260408195222.0
010 _a5-94795-014-6
035 _a(NLR Aleph) 009996161
090 _a9763098
_c9763098
100 _a20130315d2002 |||y0rusy50 ca
101 0 _ager
102 _aRU
105 _aa |||||||||
200 1 _aZarskoje Selo
_e[album
_fText: G. Chodasewitsch
_gÜbers.: S. Brammerloh]
210 _aSt. Petersburg
_cAlfa-Colour
_dcop. 2002
215 _a33, [1] c.
_cцв. ил.
_d26
541 0 _aЦарское Село
_zrus
601 0 2 _a"Царское Село", государственный музей-заповедник
_cПушкин, город; Санкт-Петербург, город
_jАльбомы
_3RU\NLR\auth\661389224
_92322234
686 _aЩ101.3(2Р)-2СПб9Пушкин я61
702 1 _4570
_7ba
_8rus
_aChodasevič
_bG. D
_cискусствовед
_gGalina Dmitrievna
_3RU\NLR\AUTH\770255507
_9255451
801 0 _aRU
_bNLR
_c20130315
_gRCR
801 1 _aRU
_bNLR
_c20130315
942 _cBOOK
980 _aNB